| 000 | 00665nam a2200205 i 4500 | ||
|---|---|---|---|
| 001 | 65699 | ||
| 003 | ES-MaACL | ||
| 005 | 20250820094841.0 | ||
| 007 | t| | ||
| 008 | 040120s1931 sp ||||1| spa d | ||
| 080 | _a271.5 | ||
| 100 | 1 |
_aFülöp-Miller, René, _d1891-1963 _953012 |
|
| 245 | 1 | 3 |
_aEl poder y los secretos de los jesuitas _b: monografía de cultura histórica / _cRené Fülöp-Miller ; traducida del alemán por Javier Bueno. |
| 250 | _a1ª ed. | ||
| 260 |
_aMadrid : _bEspasa-Calpe, _c1931. |
||
| 300 |
_a570 p., 75 lám. ; _c23 cm. |
||
| 610 | 2 | 4 |
_aJesuitas _95348 |
| 852 |
_aES-MaACL _jA-4595 _bR.16595 |
||
| 999 |
_c65699 _d65699 |
||